ძველი თბილისი / Old Tbilisi / Старый Тбилиси (Record no. 1770)

000 -LEADER
fixed length control field 00874nam a22001937a 4500
003 - CONTROL NUMBER IDENTIFIER
control field OSt
005 - DATE AND TIME OF LATEST TRANSACTION
control field 20210421065835.0
008 - FIXED-LENGTH DATA ELEMENTS--GENERAL INFORMATION
fixed length control field 210226s1984 ||||| |||| 00| 0 eng d
040 ## - CATALOGING SOURCE
Original cataloging agency eng
Language of cataloging eng
Transcribing agency DLC
041 ## - LANGUAGE CODE
Language code of text/sound track or separate title eng
Language code of original geo
-- rus
080 ## - UNIVERSAL DECIMAL CLASSIFICATION NUMBER
Universal Decimal Classification number 008
Item number გ-37
100 ## - MAIN ENTRY--PERSONAL NAME
9 (RLIN) 1157
Personal name გერსამია, თამაზ / Gersamia Tamaz / Герсамия, Тамаз
245 ## - TITLE STATEMENT
Title ძველი თბილისი / Old Tbilisi / Старый Тбилиси
Statement of responsibility, etc. / by: საბჭოთა საქართველო / Sabchota Sakartvelo / Сабчота Сакартвело
260 ## - PUBLICATION, DISTRIBUTION, ETC.
Place of publication, distribution, etc. თბილისი / Tbilisi / Тбилиси
Name of publisher, distributor, etc. საბჭოთა საქართველო / Sabchota Sakartvelo / Сабчота Сакартвело
Date of publication, distribution, etc. 1984
300 ## - PHYSICAL DESCRIPTION
Extent 255 p.
Other physical details ill.
650 #0 - SUBJECT ADDED ENTRY--TOPICAL TERM
9 (RLIN) 493
Topical term or geographic name entry element Culture
653 ## - INDEX TERM--UNCONTROLLED
Uncontrolled term კულტურა
942 ## - ADDED ENTRY ELEMENTS (KOHA)
Source of classification or shelving scheme
Koha item type Books
Holdings
Withdrawn status Lost status Source of classification or shelving scheme Damaged status Not for loan Permanent location Current location Date acquired Inventory number Total Checkouts Full call number Barcode Date last seen Price effective from Koha item type
          Ken Walker International University Ken Walker International University 02/26/2021 1541   008 გ-37 1541 02/26/2021 02/26/2021 Books

Powered by Koha